Metrication and changes to the chee method of determining the dry rubber content of field latex (Record no. 62886)

MARC details
000 -LEADER
fixed length control field 00412nam a2200145Ia 4500
100 ## - MAIN ENTRY--AUTHOR NAME
Personal name Cheaw C H
245 #0 - TITLE STATEMENT
Title Metrication and changes to the chee method of determining the dry rubber content of field latex
260 ## - PUBLICATION, DISTRIBUTION, ETC. (IMPRINT)
Name of publisher Planters Bulletin
Year of publication 1981
300 ## - PHYSICAL DESCRIPTION
Number of Pages 136-149
650 ## - SUBJECT ADDED ENTRY--TOPICAL TERM
Topical Term Chee method
650 ## - SUBJECT ADDED ENTRY--TOPICAL TERM
Topical Term Dry rubber
650 ## - SUBJECT ADDED ENTRY--TOPICAL TERM
Topical Term Field latex
942 ## - ADDED ENTRY ELEMENTS (KOHA)
Koha item type Journals
Holdings
Withdrawn status Lost status Damaged status Not for loan Home library Current library Shelving location Date acquired Serial Enumeration / chronology Koha item type
      Journals RRII Library RRII Library Rubber chemistry 17/12/2021 Volume 169, Issue Journals